Inequidad se mantinen en la Región
Gorde:
| Formatua: | Texto |
|---|---|
| Gaiak: | |
| Etiketak: |
Etiketa erantsi
Etiketarik gabe, Izan zaitez lehena erregistro honi etiketa jartzen!
|
MARC
| LEADER | 00000 a a2200000 04500 | ||
|---|---|---|---|
| 001 | 10239 | ||
| 003 | |||
| 040 | |||
| 245 | |a Inequidad se mantinen en la Región | ||
| 650 | |a DESIGUALDAD ECONOMICA | ||
| 650 | |a DISTRIBUCION DEL INGRESO | ||
| 650 | |a DISTRIBUCION DEL INGRESO | ||
| 773 | |g número 18 Especial; páginas 9-10 | ||
| 999 | |c 40082 |d 40082 | ||
